Представление документа в формате RUSMARC

ПолеНазваниеЗначение
  Тип записи a
  Библиографический уровень m
001 Контрольный номер 22f5f19352f7464e84086517dad7cf93
005 Дата корректировки 20140603151311.3
101 Язык документа 0_
a Язык текста rus
102 Страна публикации __
a Страна публикации RU
200 Заглавие и сведения об ответственности 1_
a Заглавие НДС: особенности исчисления и уплаты
e Сведения, относящиеся к заглавию проф. комментарий
f Первые сведения об ответственности М. А. Власова
210 Выходные данные 1_
c Издательство АКДИ Экономика и жизнь
a Место издания М.
d Дата издания 2008
215 Физическое описание __
a Объем 159, [1] с.
610 Ключевые слова 0_
a Ключевые слова налоги
610 Ключевые слова 0_
a Ключевые слова налогообложение
610 Ключевые слова 0_
a Ключевые слова НДС
610 Ключевые слова 0_
a Ключевые слова счета-фактуры
610 Ключевые слова 0_
a Ключевые слова книга покупок
686 Индексы других классификаций __
a Классификационный индекс 65.052.9(2)261.413
2 Код системы rubbk
700 Автор _1
a Фамилия Власова
b Имя М. А.
g Полное личное имя Марина Анатольевна
801 Источник записи _0
a Страна RU
b Организация РУК
c Дата составления 20100420
g Правила каталогизации PSBO
801 Источник записи _1
a Страна RU
b Организация РУК
c Дата составления 20100420
g Правила каталогизации PSBO
852 Данные о местонахождении __
j Шифр хранения ББК 65.052
i Авторский знак В 58
901 Тип документа __
t Тип документа m
938 Служебная информация __
a Название организации Головной вуз
b Имя БД BOOK
c Название АИБС АИБС ИРБИС